<?xml version="1.0" encoding="UTF-8"?>
<collection xmlns="http://www.loc.gov/MARC21/slim">
<record>
  <controlfield tag="001">109301</controlfield>
  <controlfield tag="005">20220104094603.0</controlfield>
  <datafield tag="037" ind1=" " ind2=" ">
    <subfield code="a">TAZ-TFG-2021-1630</subfield>
  </datafield>
  <datafield tag="041" ind1=" " ind2=" ">
    <subfield code="a">spa</subfield>
  </datafield>
  <datafield tag="100" ind1="1" ind2=" ">
    <subfield code="a">Ochoa Ciordia, Miriam</subfield>
  </datafield>
  <datafield tag="242" ind1="0" ind2="0">
    <subfield code="a">An Economic Analysis of Passive Labour Market Policies</subfield>
  </datafield>
  <datafield tag="245" ind1="0" ind2="0">
    <subfield code="a">Análisis Económico de las Políticas Pasivas de Empleo</subfield>
  </datafield>
  <datafield tag="260" ind1=" " ind2=" ">
    <subfield code="a">Zaragoza</subfield>
    <subfield code="b">Universidad de Zaragoza</subfield>
    <subfield code="c">2021</subfield>
  </datafield>
  <datafield tag="506" ind1=" " ind2=" ">
    <subfield code="a">by-nc-sa</subfield>
    <subfield code="b">Creative Commons</subfield>
    <subfield code="c">3.0</subfield>
    <subfield code="u">http://creativecommons.org/licenses/by-nc-sa/3.0/</subfield>
  </datafield>
  <datafield tag="520" ind1=" " ind2=" ">
    <subfield code="a">El presente trabajo nos ayuda a comprender lo que se entiende como políticas de empleo y la tipología&lt;br />existente, como son las políticas activas o pasivas de mercado. Se describen los tipos que existen dentro de&lt;br />cada una de ella, pero nos centramos en las políticas pasivas de trabajo ya que es el objeto principal del&lt;br />trabajo.&lt;br />Seguido de un análisis de estas últimas políticas en el periodo de crisis 2007 – 2015, en el que se analiza el&lt;br />gasto de estas respecto al gasto total en políticas de empleo, el gasto que suponen dentro del Producto&lt;br />Interior Bruto y su relación con la tasa de paro y la tasa de actividad.&lt;br />Para finalizar con un análisis con una visión premonitoria en la que vemos distintos escenarios en los que la&lt;br />actual crisis del Covid-19 puede llevar a las políticas pasivas de empleo a cambiar según tal y como las&lt;br />conocemos.&lt;br />&lt;br /></subfield>
  </datafield>
  <datafield tag="521" ind1=" " ind2=" ">
    <subfield code="a">Graduado en Relaciones Laborales y Recursos Humanos</subfield>
  </datafield>
  <datafield tag="540" ind1=" " ind2=" ">
    <subfield code="a">Derechos regulados por licencia Creative Commons</subfield>
  </datafield>
  <datafield tag="700" ind1=" " ind2=" ">
    <subfield code="a">Arbués Gracia, Fernando</subfield>
    <subfield code="e">dir.</subfield>
  </datafield>
  <datafield tag="710" ind1="2" ind2=" ">
    <subfield code="a">Universidad de Zaragoza</subfield>
    <subfield code="b">Estructura e Historia Económicas y Economía Pública</subfield>
    <subfield code="c">Economía Aplicada</subfield>
  </datafield>
  <datafield tag="856" ind1="0" ind2=" ">
    <subfield code="f">764581@unizar.es</subfield>
  </datafield>
  <datafield tag="856" ind1="4" ind2=" ">
    <subfield code="s">473321</subfield>
    <subfield code="u">http://zaguan.unizar.es/record/109301/files/TAZ-TFG-2021-1630.pdf</subfield>
    <subfield code="y">Memoria (spa)</subfield>
  </datafield>
  <datafield tag="909" ind1="C" ind2="O">
    <subfield code="o">oai:zaguan.unizar.es:109301</subfield>
    <subfield code="p">driver</subfield>
    <subfield code="p">trabajos-fin-grado</subfield>
  </datafield>
  <datafield tag="950" ind1=" " ind2=" ">
    <subfield code="a"></subfield>
  </datafield>
  <datafield tag="980" ind1=" " ind2=" ">
    <subfield code="a">TAZ</subfield>
    <subfield code="b">TFG</subfield>
    <subfield code="c">SOCIZ</subfield>
  </datafield>
  <datafield tag="999" ind1=" " ind2=" ">
    <subfield code="a">20210618112925.CREATION_DATE</subfield>
  </datafield>
  <datafield tag="951" ind1=" " ind2=" ">
    <subfield code="a">deposita:2022-01-04</subfield>
  </datafield>
</record>
</collection>